000
00501nam a2200181Ia 4500
008
090124s9999 xx 000 0 und d
082
_b
125068
100
_a
हडप वि.वा.
245
_a
पेशवाईवर सावट
250
_a
3
260
_c
1969
300
_a
196
600
_a
हडप वि.वा.
630
_a
पेशवाईवर सावट
700
_a
हडप वि.वा.
730
_a
पेशवाईवर सावट
942
_c
BOOK
999
_c
171158
_d
171158